Els Dòlmens de Comes Llobes de Pils i de Solar d'en Gibert / J. Tarrús, J. Castells, R. Vilardell i J. Chinchilla. El Sepulcre megalític de la Roca d'en Toni / J. Castells i R. Vilardell. Túmul I de la Serra de Clarena / J. Castells, Jordi Enrich i Joan Enrich
ISBN:
84-500-9305-8
Descripción Física:
88 p. : il. ; 29 cm
Colección:
Excavacions arqueològiques a Catalunya ; 4
Otros Autores:
Tarrús, Josep
,
Castells, J.
,
Vilardell, R. I
,
Enrich i Hoja, Jordi
,
Enrich i Hoja, Joan
,
Catalunya. Subdirecció General de Museus, Arts Plàstiques i Arqueologia
Materias:
Comes Llobes de Pils (Rabós d'Empordà : Jaciment arqueològic)
; Solar d'en Gibert (Rabós d'Empordà : Jaciment arqueològic)
; Roca d'en Toni (Sant Genís de Vilassar : Jaciment arqueològic) I
; Clarena, Serra de (Castellfollit del Boix, Bages : Jaciment arqueològic)
; Tombes -- Catalunya
; Megàlits -- Catalunya
; Dòlmens -- Catalunya
; Túmuls -- Catalunya I
; Catalunya -- Arqueologia
MARC
| LEADER | 00000nam a2200000Ia 4500 | ||
|---|---|---|---|
| 001 | 1565 | ||
| 008 | 160829s1983 xx 000 0 cat d | ||
| 020 | |a 84-500-9305-8 | ||
| 080 | |a H-1-53 | ||
| 245 | |a Els Dòlmens de Comes Llobes de Pils i de Solar d'en Gibert / J. Tarrús, J. Castells, R. Vilardell i J. Chinchilla. El Sepulcre megalític de la Roca d'en Toni / J. Castells i R. Vilardell. Túmul I de la Serra de Clarena / J. Castells, Jordi Enrich i Joan Enrich | ||
| 260 | |a Barcelona : |b Departament de Cultura de la Generalitat de Catalunya, |c 1983 | ||
| 300 | |a 88 p. : |b il. ; |c 29 cm | ||
| 490 | |a Excavacions arqueològiques a Catalunya ; 4 | ||
| 590 | |a A la part superior de la portada: Subdirecció General de Museus, Arts Plàstiques i Arqueologia. Servei d'Arqueologia. | ||
| 650 | |a Comes Llobes de Pils (Rabós d'Empordà : Jaciment arqueològic) |9 36046 | ||
| 650 | |a Solar d'en Gibert (Rabós d'Empordà : Jaciment arqueològic) |9 36047 | ||
| 650 | |a Roca d'en Toni (Sant Genís de Vilassar : Jaciment arqueològic) I |9 36048 | ||
| 650 | |a Clarena, Serra de (Castellfollit del Boix, Bages : Jaciment arqueològic) |9 36049 | ||
| 650 | |a Tombes |x Catalunya |9 36050 | ||
| 650 | |a Megàlits |x Catalunya |9 36051 | ||
| 650 | |a Dòlmens |x Catalunya |9 36052 | ||
| 650 | |a Túmuls |x Catalunya I |9 36053 | ||
| 650 | |a Catalunya |x Arqueologia |9 36054 | ||
| 700 | |a Tarrús, Josep |9 36055 | ||
| 700 | |a Castells, J. |9 36056 | ||
| 700 | |a Vilardell, R. I |9 36057 | ||
| 700 | |a Enrich i Hoja, Jordi |9 44136 | ||
| 700 | |a Enrich i Hoja, Joan |9 36059 | ||
| 700 | |a Catalunya. Subdirecció General de Museus, Arts Plàstiques i Arqueologia |9 36060 | ||
| 901 | |a Arxiu | ||
| 942 | |n 1 | ||
| 952 | |0 0 |1 0 |4 0 |6 H153 |7 1 |9 47161 |a Arxiu |b Arxiu |d 2016-12-01 |l 0 |o H-1-53 |p 1565 |r 2016-12-01 00:00:00 |w 2016-12-01 |y ARXIU | ||
| 999 | |c 50958 |d 50958 | ||